When Did They Live? #4 - Statistics

General Stats
  • This quiz has been taken 637 times
    628 since last reset
  • The average score is 6 of 10
Answer Stats
Name Description Answer % Correct
James Dean Actor 1931–1955
97%
Harry Houdini Escapologist 1874–1926
95%
Oliver Cromwell Lord Protector 1599–1658
78%
Buffalo Bill Soldier 1846–1917
75%
Noah Webster Lexicographer 1758–1843
62%
Abel Tasman Seafarer 1603–1659
53%
Joan of Arc Saint 1412–1431
46%
Mansa Musa Mansa 1280–1337
27%
Virgil Poet 70–19 BC
21%
Qin Shi Huang First emperor 259–210 BC
12%
No matching quizzes found
Score Distribution
Percent of People with Each Score
Percentile by Number Answered
Your Score History
You have not taken this quiz since the last reset